| 000 | 00598nam a2200181Ia 4500 | ||
|---|---|---|---|
| 003 | IN-BaIIA | ||
| 008 | 211028s9999 xx 000 0 eng d | ||
| 020 | _a978-0-387-26324-3 | ||
| 040 | _cIIA Library | ||
| 080 |
_a501(036) _bCHR |
||
| 100 |
_aChristensen, Lars Lindberg _931738 |
||
| 245 | 4 |
_aThe hands-on guide for science communicators _ba step-by-step approach to public outreach _cLars Lindberg Christensen |
|
| 260 |
_aNew York _bSpringer _c2007 |
||
| 300 | _axv, 270p. | ||
| 650 | _aCommunication in science | ||
| 650 |
_aPublic outreach _931739 |
||
| 942 | _cBK | ||
| 999 |
_c16948 _d16948 |
||